[Event "ITA-ch U20"]
[Site "Tarvisio"]
[Date "2023.07.06"]
[Round "6"]
[White "Buccio, Maddalena"]
[Black "Ansani, Annagiulia"]
[Result "1-0"]
[WhiteElo "1209"]
[BlackElo "1342"]
[PlyCount "143"]
[EventDate "2023.07.02"]
[EventType "swiss"]
[EventRounds "9"]
[EventCountry "ITA"]
[SourceTitle "EXT 2024"]
[Source "ChessBase"]
[SourceDate "2023.10.10"]
[SourceVersion "1"]
[SourceVersionDate "2023.10.10"]
[SourceQuality "1"]

1. d4 Nf6 2. c4 e6 3. Nc3 d5 4. Bg5 Nbd7 5. e3 Be7 6. Nf3 0-0 7. cxd5 exd5 8. Bd3 b6 9. 0-0 Bb7 10. Rc1 Ne4 11. Bxe7 Qxe7 12. Ne2 Ndf6 13. Ne5 Rac8 14. Qa4 a5 15. Nf4 Qb4 16. Qxb4 axb4 17. Rfd1 Rfe8 18. Bb5 Re7 19. Ba4 c5 20. Ned3 Rec7 21. f3 Nd6 22. dxc5 bxc5 23. Bc2 c4 24. Nxb4 g5 25. Nfxd5 Nxd5 26. Nxd5 Bxd5 27. Rxd5 c3 28. bxc3 Rxc3 29. Bxh7+ Kxh7 30. Rxc3 Rxc3 31. Rxd6 Rxe3 32. Rd2 Ra3 33. Kf2 Kg6 34. Ke1 f6 35. Kd1 Ra8 36. Kc1 Re8 37. Kd1 Ra8 38. Ke2 Rh8 39. h3 f5 40. Kf2 Kh5 41. g4+ fxg4 42. hxg4+ Kg6 43. Kg3 Rc8 44. Rd6+ Kf7 45. Ra6 Ke7 46. Rg6 Ra8 47. Rxg5 Rxa2 48. Re5+ Kf6 49. Kf4 Ra4+ 50. Re4 Ra5 51. Rb4 Kf7 52. Ke4 Ra6 53. Rb5 Ra4+ 54. Kf5 Ra7 55. g5 Kg7 56. f4 Rf7+ 57. Kg4 Rd7 58. Rb6 Rc7 59. Re6 Kf7 60. Kf5 Rc5+ 61. Re5 Rxe5+ 62. Kxe5 Ke7 63. f5 Kf7 64. g6+ Kg7 65. Ke6 Kf8 66. f6 Kg8 67. Ke7 Kh8 68. f7 Kg7 69. f8Q+ Kxg6 70. Qf4 Kh5 71. Qg3 Kh6 72. Kf6 1-0